Hasičská technika 1
Guardado en:
| Autor principal: | |
|---|---|
| Autores Corporativos: | , |
| Otros Autores: | , , , , , , , |
| Formato: | Libro |
| Lenguaje: | eslovaco |
| Publicado: |
Košice
VIENALA
2020
|
| Edición: | 2. doplnené vydanie |
| Materias: | |
| Etiquetas: |
Sin Etiquetas, Sea el primero en etiquetar este registro!
|
MARC
| LEADER | 00000nam a2200000 4500 | ||
|---|---|---|---|
| 001 | 0272108 | ||
| 005 | 20240502074306.1 | ||
| 020 | |a 978-80-8126-185-5 | ||
| 041 | 0 | |a slo | |
| 044 | |a SK | ||
| 245 | 1 | 0 | |a Hasičská technika 1 |c Mikuláš Monoši, Aurel Sloboda, Branislav Palúch, Jozef Svetlík, Hana Pačaiová, Zuzana Hajduová, Oskár Sloboda ; recenzenti: Milan Žmindák, Juraj Jablonický |
| 250 | |a 2. doplnené vydanie | ||
| 264 | 1 | |a Košice |b VIENALA |c 2020 | |
| 300 | |a 518 s. [40,43 AH] | ||
| 610 | 2 | 0 | |a technika |
| 610 | 2 | 0 | |a technika požiarna |
| 610 | 2 | 0 | |a požiare |
| 610 | 2 | 0 | |a nehody |
| 610 | 2 | 0 | |a vozidlá motorové |
| 610 | 2 | 0 | |a automobily |
| 610 | 2 | 0 | |a kontajnery |
| 100 | 1 | |a Monoši, Mikuláš | |
| 700 | 1 | |a Sloboda, Aurel | |
| 700 | 1 | |a Palúch, Branislav | |
| 700 | 1 | |a Svetlík, Jozef | |
| 700 | 1 | |a Pačaiová, Hana | |
| 700 | 1 | |a Hajduová, Zuzana, 1974- | |
| 700 | 1 | |a Sloboda, Oskár | |
| 700 | 1 | |a Žmindák, Milan | |
| 700 | 1 | |a Jablonický, Juraj | |
| 710 | 2 | |a Technická univerzita v Košiciach. Strojnícka fakulta | |
| 710 | 2 | |a Žilinská univerzita v Žiline. Fakulta bezpečnostného inžinierstva | |